[Event "Khabarovsk Region-ch"]
[Site "Khabarovsk"]
[Date "2010.07.16"]
[Round "5"]
[White "Kharitonov, Andrey M"]
[Black "Fatkulin, Andrey"]
[Result "1/2-1/2"]
[WhiteElo "2524"]
[BlackElo "2226"]
[PlyCount "69"]
[EventDate "2010.07.12"]
[EventType "swiss"]
[EventRounds "8"]
[EventCountry "RUS"]
[SourceTitle "EXT 2022"]
[Source "ChessBase"]
[SourceDate "2021.10.06"]
[SourceVersion "1"]
[SourceVersionDate "2021.10.06"]
[SourceQuality "1"]

1. e4 d5 2. exd5 Qxd5 3. Nc3 Qd8 4. d4 Nf6 5. Bc4 c6 6. Nf3 e6 7. 0-0 Be7 8. Qe2 Nbd7 9. Bg5 Nd5 10. Ne4 N7f6 11. Ng3 b5 12. Bb3 0-0 13. a4 a6 14. Rfe1 Ra7 15. Ne5 Qc7 16. c3 Rb7 17. Bc2 c5 18. axb5 axb5 19. dxc5 Qxc5 20. Ne4 Nxe4 21. Bxe7 Rxe7 22. Qxe4 g6 23. Qh4 f6 24. Nd3 Qc6 25. Nb4 Nxb4 26. Qxb4 Rd7 27. Qf4 Kg7 28. h4 e5 29. Qe3 Rfd8 30. Rad1 Rxd1 31. Rxd1 Bb7 32. f3 Rxd1+ 33. Bxd1 Qd5 34. Be2 Bc6 35. Qa7+ 1/2-1/2

[Event "Khabarovsk Region-ch"]
[Site "Khabarovsk"]
[Date "2010.07.15"]
[Round "4"]
[White "Tsukanov, Vitaly"]
[Black "Kharitonov, Andrey M"]
[Result "0-1"]
[WhiteElo "2265"]
[BlackElo "2524"]
[PlyCount "98"]
[EventDate "2010.07.12"]
[EventType "swiss"]
[EventRounds "8"]
[EventCountry "RUS"]
[SourceTitle "EXT 2022"]
[Source "ChessBase"]
[SourceDate "2021.10.06"]
[SourceVersion "1"]
[SourceVersionDate "2021.10.06"]
[SourceQuality "1"]

1. c4 Nf6 2. Nc3 c5 3. g3 e6 4. Bg2 d5 5. d3 Nc6 6. cxd5 exd5 7. Bg5 Be7 8. Nf3 0-0 9. 0-0 h6 10. Bc1 Re8 11. b3 Bg4 12. h3 Be6 13. d4 Qd7 14. Kh2 Ne4 15. Bb2 Bf6 16. e3 cxd4 17. Nxd4 Nxd4 18. exd4 Bf5 19. Nxe4 Bxe4 20. Bc1 Rac8 21. Be3 Qf5 22. h4 Bxg2 23. Kxg2 Re4 24. h5 Bg5 25. Bxg5 Qxg5 26. Re1 Rxe1 27. Qxe1 Qxh5 28. Rc1 Rxc1 29. Qxc1 Qf5 30. Qd2 h5 31. f4 Qe4+ 32. Kh2 g6 33. a4 Kg7 34. Qc3 Qe2+ 35. Kh1 h4 36. gxh4 Qf1+ 37. Kh2 Qxf4+ 38. Kh3 f5 39. Qb4 Qg4+ 40. Kh2 Qxh4+ 41. Kg2 Qe4+ 42. Kf1 b6 43. a5 bxa5 44. Qb7+ Kh6 45. Qxa7 Qf3+ 46. Kg1 Qg3+ 47. Kf1 Qxb3 48. Qxa5 Qd3+ 49. Kg2 Qe4+ 0-1

[Event "RUS-ch 56th"]
[Site "Krasnoyarsk"]
[Date "2003.09.04"]
[Round "2"]
[White "Evdokimov, Alexander A"]
[Black "Kharitonov, Andrey M"]
[Result "1-0"]
[WhiteElo "2432"]
[BlackElo "2345"]
[PlyCount "83"]
[EventDate "2003.09.03"]
[EventType "swiss"]
[EventRounds "9"]
[EventCountry "RUS"]
[SourceTitle "CBM 098"]
[Source "ChessBase"]
[SourceDate "2004.02.03"]
[SourceVersion "1"]
[SourceVersionDate "2004.02.03"]
[SourceQuality "1"]

1. d4 Nf6 2. c4 e6 3. Nf3 d5 4. g3 dxc4 5. Bg2 c5 6. 0-0 Nc6 7. dxc5 Qxd1 8. Rxd1 Bxc5 9. Nbd2 0-0 10. Nxc4 Bd7 11. Bf4 Nd5 12. Bd6 Bxd6 13. Nxd6 Rab8 14. Rac1 h6 15. Nd2 Rfd8 16. e4 Ndb4 17. a3 Nd3 18. Rb1 Nc5 19. e5 Nxe5 20. b4 Na4 21. Nxb7 Rdc8 22. Re1 Nc3 23. Ra1 Bc6 24. Rxe5 Bxb7 25. Ra5 Rc7 26. Bxb7 Rbxb7 27. Nb3 Ne4 28. Rc1 Kf8 29. Rxc7 Rxc7 30. Nd4 Rc4 31. Nb5 Rc2 32. Rxa7 Nxf2 33. Nd6 Nh3+ 34. Kf1 f5 35. b5 Rb2 36. b6 f4 37. gxf4 Rb1+ 38. Ke2 Nxf4+ 39. Kd2 Nd5 40. b7 Nc7 41. Ra8+ Ke7 42. Nc8+ 1-0

[Event "RUS-ch 56th"]
[Site "Krasnoyarsk"]
[Date "2003.09.03"]
[Round "1"]
[White "Kharitonov, Andrey M"]
[Black "Ivanov, Sergey"]
[Result "0-1"]
[WhiteElo "2345"]
[BlackElo "2556"]
[PlyCount "150"]
[EventDate "2003.09.03"]
[EventType "swiss"]
[EventRounds "9"]
[EventCountry "RUS"]
[SourceTitle "CBM 098"]
[Source "ChessBase"]
[SourceDate "2004.02.03"]
[SourceVersion "1"]
[SourceVersionDate "2004.02.03"]
[SourceQuality "1"]

1. e4 e6 2. d4 d5 3. Nd2 c5 4. exd5 Qxd5 5. Ngf3 cxd4 6. Bc4 Qd6 7. 0-0 Nf6 8. Nb3 Nc6 9. Nfxd4 Nxd4 10. Qxd4 Bd7 11. Bf4 Qxd4 12. Nxd4 Rc8 13. Bb3 Bc5 14. Rad1 0-0 15. Rfe1 Rfd8 16. c3 Be8 17. h3 h6 18. Nf3 a5 19. Rxd8 Rxd8 20. Bc7 Ra8 21. a4 Bc6 22. Nd4 Bd5 23. Bd1 b6 24. Nb3 Be7 25. Nd4 Bc5 26. Nb3 Rc8 27. Bf4 Be7 28. Nd4 Bc5 29. Nb3 Bf8 30. Be3 Nd7 31. f4 Be7 32. Nd4 g5 33. fxg5 hxg5 34. Nf3 f6 35. Nd4 Ne5 36. Be2 Nc4 37. Bc1 Bc5 38. Kh2 Kf7 39. Nb5 Nd6 40. Bd3 Nxb5 41. Bxb5 g4 42. Be3 Bd6+ 43. Kg1 gxh3 44. gxh3 Rh8 45. Bxb6 Rxh3 46. Bf1 Bh2+ 47. Kf2 Bg3+ 48. Ke3 Rh1 49. Rd1 f5 50. Rxd5 exd5 51. Bg2 Re1+ 52. Kf3 Be5 53. Kf2 Rb1 54. Bxd5+ Kg6 55. Bxa5 Rxb2+ 56. Ke3 Rb1 57. Bb4 Ra1 58. Bc6 Kg5 59. Bb5 Kg4 60. Bd7 Bf4+ 61. Ke2 Ra2+ 62. Ke1 Kf3 63. Bc6+ Ke3 64. Kf1 Be5 65. a5 Bc7 66. Bc5+ Kf4 67. Bb6 Bxb6 68. axb6 Rb2 69. b7 Ke3 70. c4 f4 71. Bb5 f3 72. Kg1 f2+ 73. Kg2 Rb1 74. b8Q f1Q+ 75. Kg3 Qf3+ 0-1